000 01783cam a2200493 a 4500
001 21680
003 VRT
005 20260309091125.0
008 151112s2012 xo a 000 0 slo
015 _aSNBA2013
020 _a9788055607528 (viaz.)
035 _aBB20E630-344C-4D24-91D8-74EC9F78BE36
035 _aurn:nbn:sk:snk-amjyg9
035 _aurn:nbn:sk:snk-am0083vv
039 9 _a202406190929
_bAUTHORITY
_c202406190929
_dAUTHORITY
_c201511121735
_dVLOAD
_c201507071659
_dVLOAD
040 _aBJKDG
_bslo
_cBJKDG
_dSNK
_eAACR2
041 1 _aslo
_heng
044 _axo
_cSK
072 7 _a821-93
_xLiteratúra pre deti a mládež (beletria)
_2konspekt
080 _a821(100)-343
_22001
080 _a(0:82-93)
_22001
240 1 0 _aMy Treasury of Fairy Tales
_lSlovensky
245 1 0 _aMoje najmilšie rozprávky
_c[z anglického originálu preložila Mária Klenková ; ilustrátori: Mirela Tufan ... [et al.]]
260 _aBratislava
_bSlovart
_c2012
300 _a192 s.
_bilustr.
_c29 cm
655 7 _aautorské rozprávky
_2SNKPH
655 7 _asvetová próza
_2SNKPH
655 7 _aWorld prose literature
_2SNKPHeng
655 7 _aFairy tales
_2SNKPHeng
700 1 _aKlenková, Mária
_4trl
700 1 _aTufan, Mirela
_4ill
700 1 _aAranda, Omar
_4ill
700 1 _aPetrov, Anton
_4ill
700 1 _aByrne, Suzie
_4ill
700 1 _aWebb, Melissa
_4ill
700 1 _aMahardika, Steveie
_4ill
700 0 _aBrijbasi
_4ill
942 _2ddc
_cKLDE
_n0
949 _62889199605
_asavukPV 17659
_bsavuk2013/1675
949 _6273K0561769
_asvkpoC 53476
_bsvkpo563339
949 _6270001000406101
_asvkbbC 57380
_bsvkbbm 733568
949 _617A1063366
_asnkSB 84591
_bsnk2013/4122
_o134/13
_s6100:20140925
949 _617A1063367
_asnkSB 84591 D1
_bsnk2013/4123
_o134/13
999 _c21680
_d21680